| 000 | 00484nam a2200193Ia 4500 | ||
|---|---|---|---|
| 001 | 17626 | ||
| 003 | IN-NITTTR | ||
| 005 | 20251114233207.0 | ||
| 008 | 251113s9999||||xx |||||||||||||| ||eng|| | ||
| 040 | _beng | ||
| 040 | _cIN-NITTTR | ||
| 041 | _aeng | ||
| 082 | _a621.4 S64M | ||
| 100 | _aSingh, J. B. | ||
| 245 | 0 |
_aManual on deenbandhu biogas plant / _cSingh, J. B., Myles, Raymond, Dhussa, Anil |
|
| 700 | _a Dhussa, Anil | ||
| 700 | _a Myles, Raymond | ||
| 942 |
_2ddc _cBK |
||
| 999 |
_c20260 _d20260 |
||